Normal view
MARC view
- CARACTERISTICAS NACIONALES
Entry Materia
001 - NÚMERO DE CONTROL DEL REGISTRO
- campo de control: 6698
003 - IDENTIFICADOR DE NUMERO DE CONTROL
- campo de control: UPN
005 - FECHA Y HORA DE LA ÚLTIMA TRANSACCIÓN
- campo de control: 20210219193705.0
008 - DATOS DE LONGITUD FIJA
- campo de control de longitud fija: nabaccnnaabn|||||||||| b |nc|||||d
035 ## - NÚMERO DE CONTROL DEL SISTEMA
- Número de control del sistema: UPN10000006700
040 ## - FUENTE DE LA CATALOGACIÓN
- Lengua de catalogación: SPA
- Agencia de transcripción: UPN
150 ## - ENCABEZAMIENTO - TEMÁTICO
- Término de materia o nombre geográfico como elemento inicial: CARACTERISTICAS NACIONALES
670 ## - FUENTE EN LA QUE SE LOCALIZARON DATOS
- Cita de la fuente: E
680 ## - NOTA GENERAL CON DESPLIEGUE PÚBLICO
- Texto explicativo: Subdivídase por países en forma de adjetivo. Ej.:
- Encabezamiento: CARACTERISTICAS NACIONALES MEXICANAS
902 ## - CATALOGADOR
- Catalogador: LG/250696
